| 000 | 00719nam a2200229 a 4500 | ||
|---|---|---|---|
| 001 | BRCA_7857 | ||
| 005 | 20190320210028.0 | ||
| 008 | 191113s1966----nyua######---#000-0#eng-# | ||
| 041 | _aeng | ||
| 044 | _anyu | ||
| 050 | 4 |
_aNB60 _b.K64 1966 |
|
| 100 | 1 |
_aKoepf, Hans _919446 |
|
| 245 | 1 | 0 |
_aMasterpieces of sculpture from the Greeks to modern times _cHans Koepf ; ed. by J. E. Schuler ; tr. from the german by Mervyn Savill. |
| 260 |
_aNueva York _bG. P. Putnam _cc1966 |
||
| 300 |
_a92 p. _bil. (algunas a color), 108 láminas _c30 cm. |
||
| 500 | _aY82 | ||
| 650 | 1 | 4 |
_aEscultura _xHistoria _93347 |
| 700 | 1 |
_aSchuler, J. E. _eed. _919447 |
|
| 700 | 1 |
_aSavill, Mervyn _etr. _919448 |
|
| 902 | _aGFM | ||
| 942 |
_2lcc _cB |
||
| 999 |
_c7531 _d7531 |
||